10 Biggest cities in Romania - Statistics

General Stats
  • This quiz has been taken 245 times
  • The average score is 6 of 10
Answer Stats
Population Cities % Correct
1 877 155 Bucharest
100%
316 748 Cluj-Napoca
87%
315 053 Timișoara
78%
303 399 Constanța
75%
318 012 Iași
74%
276 088 Brașov
62%
304 142 Craiova
55%
294 087 Galați
50%
228 851 Ploiești
37%
213 569 Brăila
23%
No matching quizzes found
Score Distribution
Percent of People with Each Score
Percentile by Number Answered
Your Score History
You have not taken this quiz